[Event "Anapa op-B"]
[Site "Anapa"]
[Date "2010.09.01"]
[Round "1"]
[White "Iskhakov, Artur"]
[Black "Evdokimov, Alexei"]
[Result "0-1"]
[WhiteElo "1810"]
[BlackElo "2258"]
[PlyCount "64"]
[EventDate "2010.08.31"]
[EventType "swiss"]
[EventRounds "9"]
[EventCountry "RUS"]
[SourceTitle "EXT 2013"]
[Source "ChessBase"]
[SourceDate "2012.11.22"]
[SourceVersion "1"]
[SourceVersionDate "2012.11.22"]
[SourceQuality "1"]

1. e4 c5 2. c3 d5 3. exd5 Qxd5 4. d4 e5 5. dxe5 Qxd1+ 6. Kxd1 Nc6 7. f4 Bg4+ 8. Be2 0-0-0+ 9. Ke1 Bf5 10. Be3 f6 11. Nf3 Nge7 12. exf6 Nd5 13. fxg7 Bxg7 14. Bd2 Rhe8 15. Kf2 Nf6 16. Rd1 Ng4+ 17. Kf1 Rxe2 18. Kxe2 Bd3+ 19. Ke1 Re8+ 20. Be3 Bc2 21. Rc1 Nxe3 22. Kd2 Bg6 23. Rg1 Nc2 24. Na3 Rd8+ 25. Ke2 Nxa3 26. bxa3 Bxc3 27. Rac1 Nd4+ 28. Nxd4 Bxd4 29. Rge1 b6 30. Kf3 Bb2 31. Rcd1 Rxd1 32. Rxd1 c4 0-1

[Event "Anapa op"]
[Site "Anapa"]
[Date "2007.09.??"]
[Round "3"]
[White "Evdokimov, Alexei"]
[Black "Natacheev, Peter"]
[Result "1-0"]
[WhiteElo "2278"]
[BlackElo "2157"]
[PlyCount "87"]
[EventDate "2007.09.??"]
[EventType "swiss"]
[EventRounds "9"]
[EventCountry "RUS"]
[SourceTitle "EXT 2009"]
[Source "ChessBase"]
[SourceDate "2008.11.26"]
[SourceVersion "1"]
[SourceVersionDate "2008.11.26"]
[SourceQuality "1"]

1. d4 d5 2. Nf3 Nf6 3. Bg5 Ne4 4. Bf4 c5 5. e3 Nc6 6. Nc3 Bg4 7. Be2 cxd4 8. exd4 e6 9. 0-0 Nxc3 10. bxc3 Bd6 11. Qd2 0-0 12. Rab1 b6 13. Rfe1 Qc7 14. Bg3 Bxg3 15. hxg3 Na5 16. Ba6 Bxf3 17. gxf3 Nc4 18. Qd3 Nd6 19. Kg2 h6 20. Re5 Qc6 21. Rh1 b5 22. Rg5 Qxa6 23. Rxh6 Nf5 24. Qxf5 exf5 25. Rxa6 g6 26. g4 fxg4 27. Rxd5 gxf3+ 28. Kxf3 Rfb8 29. Ke3 Rb7 30. Ra5 a6 31. Kd3 Rb6 32. a4 bxa4 33. Rxa4 Rf6 34. c4 Rxf2 35. c5 Rf6 36. Rd6 Kg7 37. Kc4 g5 38. Rxf6 Kxf6 39. c6 g4 40. Kc5 g3 41. d5 Rg8 42. c7 g2 43. Ra1 a5 44. d6 1-0

[Event "Anapa op"]
[Site "Anapa"]
[Date "2007.09.??"]
[Round "8"]
[White "Evdokimov, Alexei"]
[Black "Zhukov, Viktor Andreevich"]
[Result "0-1"]
[WhiteElo "2278"]
[BlackElo "2243"]
[PlyCount "42"]
[EventDate "2007.09.??"]
[EventType "swiss"]
[EventRounds "9"]
[EventCountry "RUS"]
[SourceTitle "EXT 2009"]
[Source "ChessBase"]
[SourceDate "2008.11.26"]
[SourceVersion "1"]
[SourceVersionDate "2008.11.26"]
[SourceQuality "1"]

1. e4 c5 2. c3 e6 3. d4 d5 4. e5 Nc6 5. Nf3 Qb6 6. Bd3 Bd7 7. dxc5 Bxc5 8. 0-0 a5 9. b3 Nge7 10. Ba3 Ng6 11. c4 Ncxe5 12. cxd5 Nxd3 13. Qxd3 Bb5 14. Qe4 Bxf1 15. dxe6 0-0 16. Kxf1 fxe6 17. Bxc5 Qxc5 18. Qxe6+ Kh8 19. Nbd2 Nf4 20. Qe4 Qh5 21. Kg1 Rae8 0-1